000 00303pab a2200121 454500
008 180718b xxu||||| |||| 00| 0 eng d
100 _aKallukaren, Joseph
245 _aRelevance of John Matthai
650 _a Mathai, John
650 _aEconomic Development
773 _aFinancial Express
909 _a21695
999 _c21695
_d21695